| 000 | 00474nam a22001457a 4500 | ||
|---|---|---|---|
| 999 |
_c130340 _d130340 |
||
| 008 | 200211b ||||| |||| 00| 0 eng d | ||
| 020 | _a9781783602483 | ||
| 050 | _aDT30.5.W277 2017 | ||
| 245 |
_aWarlord democrats in Africa _bex-military leaders and electoral politics _cEdited by Anders Themner |
||
| 260 |
_aLondon _bZed Books _c2017 |
||
| 300 |
_ax, 254p. ; _c24cm. |
||
| 650 |
_aLeadership _zAfrica _912204 |
||
| 651 |
_aAfrica _xPolitics _949483 |
||
| 942 |
_2lcc _cMONOGRAPH |
||